[Event "Begonia op 34th"]
[Site "Ballarat"]
[Date "2000.03.12"]
[Round "5"]
[White "Baron, Michael"]
[Black "Partsi, Dimitry"]
[Result "0-1"]
[WhiteElo "2127"]
[BlackElo "1746"]
[PlyCount "80"]
[EventDate "2000.03.11"]
[EventType "swiss"]
[EventRounds "7"]
[EventCountry "AUS"]
[SourceTitle "EXT 2001"]
[Source "ChessBase"]
[SourceDate "2000.11.22"]
[SourceVersion "1"]
[SourceVersionDate "2000.11.22"]
[SourceQuality "1"]

1. Nf3 d5 2. c4 e6 3. b3 Nf6 4. Bb2 b6 5. g3 Bb7 6. Bg2 Bd6 7. 0-0 Qe7 8. Nc3 Ba3 9. Bxa3 Qxa3 10. Qc2 Na6 11. d3 0-0 12. e4 dxe4 13. dxe4 Rad8 14. e5 Bxf3 15. Bxf3 Nd7 16. Rfe1 Qe7 17. Nb5 Nb4 18. Qe2 a6 19. Nc3 a5 20. Nb5 Nc5 21. Reb1 c6 22. Nc3 Rd3 23. Ne4 Rdd8 24. a3 Nbd3 25. Nc3 Qc7 26. b4 Na6 27. Be4 Nxe5 28. f4 Ng6 29. Rb2 Rb8 30. Qf3 Ne7 31. Qd3 h6 32. Qe2 Rfd8 33. Bd3 axb4 34. axb4 Nxb4 35. Rxb4 Qd6 36. Rab1 Qxd3 37. Qxd3 Rxd3 38. Na4 Nc8 39. Nxb6 Rd4 40. Nxc8 Rxc8 0-1

[Event "Oz.com qual blitz"]
[Site "ICC INT"]
[Date "2000.03.05"]
[Round "1"]
[White "Adla, Diego Gustavo"]
[Black "Baron, Michael"]
[Result "1-0"]
[WhiteElo "2492"]
[BlackElo "2225"]
[PlyCount "67"]
[EventDate "2000.03.05"]
[EventType "swiss (blitz)"]
[EventRounds "9"]
[EventCountry "USA"]
[SourceTitle "EXT 2001"]
[Source "ChessBase"]
[SourceDate "2000.11.22"]
[SourceVersion "1"]
[SourceVersionDate "2000.11.22"]
[SourceQuality "1"]

1. d4 Nf6 2. c4 e5 3. dxe5 Ng4 4. Bf4 Nc6 5. Nf3 Bb4+ 6. Nbd2 Qe7 7. e3 Ngxe5 8. Nxe5 Nxe5 9. Be2 0-0 10. 0-0 Ng6 11. Bg3 Bd6 12. Bxd6 Qxd6 13. Qc2 Qe7 14. c5 d6 15. c6 b6 16. Nb3 Be6 17. Nd4 Rae8 18. Bd3 Qh4 19. Bf5 Bxf5 20. Nxf5 Qg5 21. f4 Qd8 22. Rae1 Ne7 23. Nd4 Nd5 24. e4 Nf6 25. Nf5 d5 26. e5 Ne4 27. Rd1 Re6 28. Ne3 Nc5 29. b4 Rxc6 30. Nxd5 Qh4 31. g3 Qh6 32. Ne7+ Kh8 33. Nxc6 Qxc6 34. bxc5 1-0

[Event "Oz.com qual blitz"]
[Site "ICC INT"]
[Date "2000.03.05"]
[Round "6"]
[White "Baron, Michael"]
[Black "Oliveira, Luis"]
[Result "1-0"]
[WhiteElo "2225"]
[BlackElo "2166"]
[PlyCount "57"]
[EventDate "2000.03.05"]
[EventType "swiss (blitz)"]
[EventRounds "9"]
[EventCountry "USA"]
[SourceTitle "EXT 2001"]
[Source "ChessBase"]
[SourceDate "2000.11.22"]
[SourceVersion "1"]
[SourceVersionDate "2000.11.22"]
[SourceQuality "1"]

1. d4 d5 2. e4 dxe4 3. Nc3 Nf6 4. f3 exf3 5. Nxf3 e6 6. Bg5 Be7 7. Bd3 c6 8. 0-0 Nbd7 9. Kh1 h6 10. Bd2 b6 11. Qe1 Bb7 12. Rd1 Qc7 13. a4 Nd5 14. Ne5 Nxe5 15. dxe5 Nxc3 16. Bxc3 0-0 17. Qe4 g6 18. Qg4 Kg7 19. h4 c5 20. h5 g5 21. Rde1 Rac8 22. b3 Bd5 23. Bb2 Rcd8 24. Re3 c4 25. bxc4 Bc6 26. Re2 Bxa4 27. Qe4 Rh8 28. Rxf7+ Kxf7 29. Qg6+ 1-0

[Event "Melbourne FIDE"]
[Site "Melbourne"]
[Date "2000.??.??"]
[Round "?"]
[White "Baron, Michael"]
[Black "Dizdarevic, Mehmedalija"]
[Result "1-0"]
[WhiteElo "2225"]
[BlackElo "2160"]
[PlyCount "81"]
[EventDate "2000.??.??"]
[EventType "tourn"]
[EventRounds "9"]
[EventCountry "AUS"]
[SourceTitle "EXT 2002"]
[Source "ChessBase"]
[SourceDate "2001.11.25"]
[SourceVersion "1"]
[SourceVersionDate "2001.11.25"]
[SourceQuality "1"]

1. d4 Nf6 2. Nf3 g6 3. c4 Bg7 4. Nc3 0-0 5. Bg5 d6 6. e3 c5 7. Be2 Qb6 8. Qd2 Be6 9. h3 h6 10. Bh4 Nbd7 11. Rd1 Rac8 12. b3 g5 13. Bg3 Bf5 14. 0-0 a6 15. d5 Rfd8 16. Rfe1 Qb4 17. Rc1 Rb8 18. Bf1 b5 19. e4 Bg6 20. Bd3 Nh5 21. Bh2 bxc4 22. Bxc4 a5 23. e5 Nf4 24. Bxf4 gxf4 25. Qxf4 dxe5 26. Qg4 Nf6 27. Qh4 e4 28. Ne5 Bh7 29. Nc6 Qb7 30. Nxb8 Rxb8 31. Qg3 Rd8 32. Red1 Qd7 33. Na4 Qf5 34. Qc7 Rc8 35. d6 exd6 36. Qxf7+ Kh8 37. Be6 Rf8 38. Qxf8+ Bxf8 39. Bxf5 Bxf5 40. Nb6 Be6 41. Nc4 1-0